Záhradnícka výroba na prelome tisícročia. : Zborník z celoslovenskej konferencie s medzinárodnou účasťou, Nitra, 15.10.1997.
Uložené v:
| Médium: | Kniha |
|---|---|
| Jazyk: | Slovak |
| Vydané: |
Nitra :
Dom techniky ZS VTS Nitra, s r.o.,
1997
|
| Vydanie: | 1. vyd. |
| Témy: | |
| ISBN: |
8023600796 (brož.) |
| Fyzický popis: |
65 s. |
| Tagy: |
Pridať tag
Žiadne tagy, Buďte prvý kto otaguje tento záznam!
|
Titul je dostupný aj v ... 

MARC
| LEADER | 00000nam a2200000 a 4500 | ||
|---|---|---|---|
| 001 | 000036734 | ||
| 003 | SVKK | ||
| 005 | 19990524000000.0 | ||
| 008 | 990406s1997 xo e sloo | ||
| 020 | |a 8023600796 (brož.) | ||
| 040 | |a SVKKK |b slo |c SVKKK |e AACR2 | ||
| 041 | 0 | |a slo | |
| 044 | |a xo |c SK | ||
| 080 | |a 635(082) |2 1997 | ||
| 245 | 0 | 0 | |a Záhradnícka výroba na prelome tisícročia. : |b Zborník z celoslovenskej konferencie s medzinárodnou účasťou, Nitra, 15.10.1997. |
| 250 | |a 1. vyd. | ||
| 260 | |a Nitra : |b Dom techniky ZS VTS Nitra, s r.o., |c 1997 | ||
| 300 | |a 65 s. | ||
| 653 | 0 | |a záhradníctvo |2 SVKKKPH | |
| 653 | 0 | |a zborníky |2 SVKKKPH | |
| 655 | 7 | |a zborníky |2 SVKKKPH | |
| 910 | |a svkkk | ||
| 919 | |a 80-236-0079-6 | ||
| 974 | |a UH |d 19990518 | ||
| 974 | |a KL |d 19990518 | ||
| 974 | |a MI |d 19990524 | ||
| 998 | |a BK | ||
| 090 | |g SCKHL |k Sklad Pribinova prízemie |a IV.180021 |j 924056 |i 36734-10 |s Absenčne | ||